000
00300pam a2200133 a 4500
020
_c
041
_a
eng
100
_a
Erik Obeng .
245
_a
Machanies Handbook
_h
Textual Documents
260
_a
[s.l]:
_b
Industrial Press
300
_a
2512p.
700
_a
F.D Jones.
_a
H.L.Hoton.
930
_a
16169
999
_c
93069
_d
93069